| 000 | 01211nam a2200409 a 4500 | ||
|---|---|---|---|
| 003 | AR-BaBNM | ||
| 005 | 20251128210521.0 | ||
| 008 | 082120s2002 ||||||||||||||000 | spa|| | ||
| 020 | _a84-7960-097-7 | ||
| 040 | _cAR-BaBNM | ||
| 100 | 1 | _aEspmark, Kjell | |
| 245 | 0 | 0 | _aPoesía nórdica |
| 250 | _a2ª ed. | ||
| 260 |
_aMadrid _bEdiciones de la Torre _c1999 |
||
| 300 | _a1054 p. | ||
| 490 | 0 |
_aBiblioteca nórdica _vv. 2 |
|
| 500 | _aContiene referencias biográficas de los autores incluídos en la presente antología | ||
| 650 | 4 | _aESCRITORES | |
| 650 | 4 | _aANTOLOGIAS | |
| 650 | 4 | _aPOESIA | |
| 650 | 4 | _aLITERATURA CONTEMPORANEA | |
| 653 | _aLITERATURA ISLANDESA | ||
| 653 | _aLITERATURA DINAMARQUESA | ||
| 653 | _aLITERATURA FINLANDESA | ||
| 653 | _aLITERATURA NORUEGA | ||
| 653 | _aLITERATURA SUECA | ||
| 655 | _aLITERATURA | ||
| 700 | 1 |
_aUriz, Francisco J. _ecompilador |
|
| 700 | 1 |
_aBaggethun, Kirsti _ecolaborador |
|
| 700 | 1 |
_aMoltke, Mona _ecolaborador |
|
| 700 | 1 |
_aSaaritsa, Pentti _ecolaborador |
|
| 700 | 1 |
_aFernández Romero, José _etraductor |
|
| 700 | 1 |
_aLaitinen, Kai _eprologuista |
|
| 700 | 1 |
_aSorheim, Thor _eprologuista |
|
| 942 | _cBK | ||
| 998 | _cMARTIN | ||
| 999 |
_c15774 _d15774 |
||